000 00664nam a2200193 a 4500
001 BRCA_395
005 20190320203006.0
008 790307s1979 nyua---##c---#000-0#eng-#
020 _a0872730735
040 _aDLC
_cDLC
_dDLC
050 4 _aNK4167
_b.B85 1979
245 1 0 _aThe Brooklyn Museum Japanese Ceramics
_cby Robert Moes.
260 _aNueva York
_bThe Brooklyn Museum
_cc1979
300 _a72 p.
_bil.
_c26 cm.
500 _aCatálogo de la exposición realizada en el Brooklyn Museum Collection, 25 abril - 10 junio, 1979
650 1 4 _aCerámica japonesa
_vExposiciones
_xHistoria
_z552 a.c. - Siglo XX
_91339
700 1 _aMoes, Robert
_91340
942 _2lcc
_cB
999 _c330
_d330